Statistiques concernant Les Simpson - Questions aléatoires (6)

Cliquez ici pour prendre le quiz!

Statistiques générales

  • Ce quiz a été pris 44 fois
  • Le résultat moyen est 7 sur 10

Statistiques - réponses

QuestionRéponse% Correct
Comment s'appelle le chat de la famille (sans tenir compte du numéro) ?Boule de Neige
93%
De quel animal provient le lait servit dans les écoles que Quimby a acheté à Gros Tony ?du lait de rat
85%
Dans quel pays Tahiti Bob est-il parti vivre et dans lequel il est devenu maire d'une ville ?en Italie
80%
Pourquoi Edna est-elle séparée de son mari ?il s'est enfui avec leur conseillère conjugale
78%
Grâce à quel objet Homer a-t-il pu se dupliquer à l'infini dans un Horror Show ?un hamac magique
78%
À la centrale, dans quel secteur travaille Homer ?le secteur 7G
75%
Lorsque la famille part en safari en Afrique, dans quel pays vont-ils ?en Tanzanie
73%
Quand deux jeunes filles tournent des vidéos érotiques dans la maison des Flanders et qu'Homer s'en moque auprès de toute la ville, les Flanders décident de déménager. Où vont-ils ?en Pennsylavanie
55%
Pourquoi Abraham a-t-il vendu sa maison ?pour qu'Homer puisse s'en acheter une
48%
Quel est le dernier mot que Krusty a entendu de son père avant qu'il ne meure ?euh
28%

Distribution des résultats

Percentile par nombre de réponses

% des personnes avec chaque résultat

Votre développement - résultats

Vous n’avez pas pris ce quiz